000 00493nam a2200157Ia 4500
008 210716s2011 xx 000 0 und d
020 _a9788173717222
041 _aeng
082 _a005.131 RAVK
100 _aRaveendranathan, K C.
245 _aCommunication systems modelling and simulation: using matlab and simulink.
_bUsing matlab and simulink.
250 _a1
260 _aHyderabad
_bUniversities Press
_c2011
300 _axviii,430
650 _aAutomata,Formal Languages(005.131)
999 _c192904
_d192904